000 01117nam a22002177a 4500
003 OSt
005 20161104095200.0
008 150408b xxu||||| |||| 00| 0 eng d
040 _cBMC
082 _a658
100 1 _940247
_aGodínez Chávez, Elí Alexander
245 1 0 _aCreación de un plan estratégico de mercado para mejorar la comercialización de productos y servicios que brinda Nutriclinic en la ciudad de San Salvador
_b: Informe final de proyecto
_cElí Alexander Godínez Chávez, José Ernesto Guzmán Payes, Yeimi Gabriela Retana
260 _aSanta Ana (El Salvador)
_bUniversidad Católica de El Salvador
_c2016
300 _a49+[15] h.
_bil. col
_c28 cm
_e+ 1 disco compacto
500 _aPrecede al tít.: Universidad Católica de El Salvador, Facultad de Ciencias Empresariales
502 _aTrabajo de graduación para optar al grado académico de Licenciatura en Mercadeo y Negocios Internacionales
650 2 4 _94915
_aGestión
700 1 _940248
_aGuzmán Payes, José Ernesto
710 2 _91067
_aUniversidad Católica de El Salvador
_bFacultad de Ciencias Empresariales
942 _2ddc
_cTG
999 _c26357
_d26357